Toda mujer sueña con un poeta ruso / (Record no. 192673)

MARC details
000 -LEADER
campo de control de longitud fija 01103nam a2200313 i 4500
001 - NÚMERO DE CONTROL
campo de control 192673
003 - IDENTIFICADOR DE NÚMERO DE CONTROL
campo de control SpMaBN
005 - FECHA Y HORA DE LA ÚLTIMA TRANSACCIÓN
campo de control 20250804062652.0
008 - DATOS DE LONGITUD FIJA--INFORMACIÓN GENERAL
campo de control de longitud fija 230518s1992 sp | |||| ||spa
016 7# - NÚMERO DE CONTROL DE UNA AGENCIA BIBLIOGRÁFICA NACIONAL
Número de control del registro bimoBNE19920949541
Fuente SpMaBN
017 ## - NÚMERO DE COPYRIGHT O DE DEPÓSITO LEGAL
Número de copyright o de depósito legal B 6472-1992
Agencia que asigna Oficina Depósito Legal Barcelona
020 ## - NÚMERO INTERNACIONAL ESTÁNDAR DEL LIBRO
Número Internacional Estándar del Libro 8422639777
035 ## - NÚMERO DE CONTROL DEL SISTEMA
Número de control de sistema (OCoLC)433872616
040 ## - FUENTE DE CATALOGACIÓN
Centro catalogador/agencia de origen SpMaBN
Lengua de catalogación spa
Centro/agencia transcriptor ES-MaACL
Normas de descripción rda
080 ## - NÚMERO DE LA CLASIFICACIÓN DECIMAL UNIVERSAL
Número de la Clasificación Decimal Universal 820(73)-31"19"
100 1# - ENTRADA PRINCIPAL--NOMBRE DE PERSONA
Nombre de persona Dunkel, Elizabeth
Término indicativo de función/relación Autor
Número de control del registro de autoridad o número normalizado XX911896
9 (RLIN) 176538
245 10 - MENCIÓN DEL TÍTULO
Título Toda mujer sueña con un poeta ruso /
Mención de responsabilidad, etc. Elizabeth Dunkel ; traducción de Margarita Cavándoli
264 #1 - PRODUCCIÓN, PUBLICACIÓN, DISTRIBUCIÓN, FABRICACIÓN Y COPYRIGHT
Producción, publicación, distribución, fabricación y copyright Barcelona :
Nombre del de productor, editor, distribuidor, fabricante Círculo de Lectores,
Fecha de producción, publicación, distribución, fabricación o copyright [1992]
300 ## - DESCRIPCIÓN FÍSICA
Extensión 396 páginas ;
Dimensiones 23 cm
500 ## - NOTA GENERAL
Nota general Índice
655 #0 - TERMINO DE INDIZACIÓN--GENERO/FORMA
Datos o término principal de género/forma Novelas
9 (RLIN) 234319
700 0# - ENTRADA AGREGADA--NOMBRE PERSONAL
Nombre de persona Cavándoli, Margarita,
9 (RLIN) 37156
Término indicativo de función/relación Traductor
852 ## - LOCALIZACIÓN
Ubicación Es-MaACL
Sublocalización o colección R.152262
Ubicación en estantería Depósito J
Donativo/Legado Donación: José Lázaro García
Número de control de estantería N-8304
Encuadernación Encuadernación: cartoné
itemnumber 199969
903 ## - NOMBRE PERSONAL DE DONANTE
9 234219
a Lázaro García, José
e Donante
942 ## - ELEMENTOS DE ENTRADA SECUNDARIOS (KOHA)
Tipo de ítem Koha Libro impreso
Suprimir en OPAC No
Holdings
Estatus retirado Estado de pérdida Fuente del sistema de clasificación o colocación Estado de daño No para préstamo Biblioteca de origen Biblioteca actual Ubicación en estantería Fecha de adquisición Fuente de adquisición Total de préstamos Signatura topográfica completa Código de barras Visto por última vez Tipo de ítem Koha
    Clasificación decimal universal     Biblioteca del Ateneo de Madrid Biblioteca del Ateneo de Madrid Depósito J 02/07/2018 Donación   N-8304 101205241 11/05/2023 Libro impreso